000 00362nam a22001571a 4500
020 _a9788185504414
082 _aS 294.551 3
_bABH/P
100 _aAbhinavaguptapada
245 _aParamarthasara/
_cby Abhinavaguptapada
260 _aDelhi:
_bPenman,
_c2003.
300 _a275p.
650 _aSaivism
650 _aHinduism
650 _aReligion
942 _cBK
999 _c33454
_d33454